| 000 | 00463nam a2200181Ia 4500 | ||
|---|---|---|---|
| 005 | 20240821094001.0 | ||
| 008 | 131103s9999 xx 000 0 und d | ||
| 040 | _aLoreto College | ||
| 041 | _aEnglish | ||
| 082 |
_a891.43 _b NCTE |
||
| 245 |
_aGunatmak adhyapak Shiksa ka pathyacharcha prarup _cedited by D.N.Khosla |
||
| 260 |
_a[s.l.] _bNCTE _c1999 |
||
| 300 | _a90p. | ||
| 650 | _aHindi | ||
| 700 | _aKhosla, D.N.; ed. | ||
| 850 | _aLCBED | ||
| 942 | _cBK | ||
| 999 |
_c35820 _d86299 |
||